000 00976nam a2200253Ia 4500
999 _c53000
_d53000
001 20031
003 GE_BSU
005 20250317165919.0
008 181216s2016||||ge |||||||||||||| ||geo||
020 _a978-9941-11-5295
040 _cGE_BSU
041 _ageo
080 _a821.131.1-31 ე-49
100 _aეკო, უმბერტო
_910255
245 _aვარდის სახელი :
_b[რომანი] /
_cუმბერტო ეკო ; იტალიურიდან თარგმნა ხათუნა ცხადაძემ.
264 _aთბილისი :
_bდიოგენე,
_c2016.
300 _a744 გვ. ;
_c20 სმ.
490 _aდიოგენეს ბიბლიოთეკა
541 _h16ლ.
653 _aვარდის სახელი
653 _aრომანი
700 _aცხადაძე, ხათუნა
_eმთარგმნელი
_910257
942 _cBK
_2udc